| 000 | 00900nam a2200229Ia 4500 | ||
|---|---|---|---|
| 008 | 130821s2008 ck gr spa | ||
| 020 | _a9789588338446 | ||
| 040 |
_aCo-BoUCM _bspa |
||
| 041 | 0 | 0 | _aspa |
| 111 | 1 |
_aIV Jornadas de derecho público _9164999 |
|
| 245 | 1 | 0 |
_aSistema electoral Colombiano actualidad y perspectivas _cIV Jornadas de derecho público; coordinadores, Diego Fernando Tarapués Sandino, Giovanny Sánchez Espinosa |
| 260 |
_aCali (Valle, Colombia) _bUniversidad Santiago de Cali _c2008 |
||
| 300 | _a139 páginas | ||
| 650 | 0 | 4 |
_aCiencia política _9340 |
| 650 | 0 | 4 |
_aDemocracia _912617 |
| 650 | 0 | 4 |
_aElecciones _913957 |
| 650 | 0 | 4 |
_aSufragio _924927 |
| 700 | 1 |
_aSánchez Espinosa, Giovanny _ecoord. _9165000 |
|
| 700 | 1 |
_aTarapués Sandino, Diego Fernando _ecoord. _976026 |
|
| 942 |
_cLIBRO _a6 _e1 _mS623s _2DEWEY _h324.630986 |
||
| 999 |
_c59489 _d59489 |
||